| 000 | 01249nam a2200313 c 4500 | ||
|---|---|---|---|
| 003 | BLK | ||
| 005 | 20180422113956.0 | ||
| 008 | 180410b bul|||||r ||||||| ||bul|| | ||
| 010 | _aKNG00171777000 | ||
| 020 |
_a954-8067-01-3 _bиздат.: Princeps |
||
| 040 | _aBLK | ||
| 041 |
_aBUL _cBUL |
||
| 080 |
_aПазар. Анализ на пазара. Търсене. Предлагане. Конкуренция. Маркетингова логистика _b339.13 _x(035) _z339.13(035) |
||
| 100 | 1 |
_aМаринова, Елена _eпърви автор _9364569 |
|
| 139 |
_aМаринова, Елена _bМ 31 |
||
| 245 | 1 | 0 |
_aМаркетинг - продукт, реклама _bРъководство _cЕлена Маринова. |
| 257 | _aBGR | ||
| 260 |
_аВарна _bPrinceps _c1992 |
||
| 300 |
_a306 с. _bс ил. _c23 см |
||
| 380 | _a3 | ||
| 490 | 1 | _aБиблиотека Princeps | |
| 650 | 4 |
_aМаркетинг - наръчници и ръководства _9242925 |
|
| 653 | _aмаркетинг | ||
| 852 | _aЦб 167617 | ||
| 856 | 4 |
_qpdf _u |
|
| 856 | 4 |
_qpdf _u |
|
| 942 |
_cKNG _n0 |
||
| 944 |
_aCR _c21.02.2015 _l21.02.2015 - от С1,Р / 21.02.2015 _kЛюбка_Николова |
||
| 944 |
_aED _c21.02.2015 _l21.02.2015 - от С1,Р / 21.02.2015 _k |
||
| 999 |
_c164267 _d164267 |
||